000 00662nam a2200289Ia 4500
005 20260324143040.0
008 008 260324s9999 xx 000 0 eng d
020 _a9781315056609
037 _aEBOOK
040 _aCRL
040 _beng
040 _cCRL
041 _2eng
041 _aeng
084 _qCRL
100 _aHenry O. Thompson
_91214196
245 0 _aBook of Daniel
245 3 _bAn Annotated Bibliography
260 _bTaylor and Francis
260 _c1993
365 _a
365 _b220
856 _uhttp://www.taylorfrancis.com/books/9781315056609
942 _cEBOOK
999 _c1819137
_d1819137